000 00445cam a22001337a 4500
008 180718b2001 xxu||||| |||| 00| 0 eng d
082 _aA81x54 01/10/PAP1/01
100 _aCensus of India 2001
245 _aUttar Pradesh: provisional population totals
260 _aDelhi
_bThe Controller of Publications
_c2001
300 _a97+p.
440 _aCensus of India 2001. Series-10, Uttar Pradesh. Paper-1 of 2001
650 _aUttar Pradesh - Census
999 _c490882
_d490882